skbl

Dr Suryya Kumar Bhuyan Library Web-OPAC
ডঃ সূৰ্য্য
কুমাৰ ভূঞা পুথিভঁৰাল ৱেব-অ'পেক

All Research Scholars are advised to clear the annual library fees to continue using Library Resources, Remote Access, Plagiarism Test and Library Clearance.

Cotton University Book Fair 2026

Fo-Sho-Hing Tsan-King: A life of Buddha Vol. XIX / (Record no. 833)

MARC details
000 -LEADER
fixed length control field 00739nam a2200265Ia 4500
001 - CONTROL NUMBER
control field 835
005 - DATE AND TIME OF LATEST TRANSACTION
control field 20240113233432.0
007 - PHYSICAL DESCRIPTION FIXED FIELD--GENERAL INFORMATION
fixed length control field ta
008 - FIXED-LENGTH DATA ELEMENTS--GENERAL INFORMATION
fixed length control field 050125s1883 a g b000 u eng u
020 ## - INTERNATIONAL STANDARD BOOK NUMBER
Terms of availability HB
040 ## - CATALOGING SOURCE
Original cataloging agency Cotton College Assam
041 ## - LANGUAGE CODE
Language code of text/sound track or separate title eng
082 ## - DEWEY DECIMAL CLASSIFICATION NUMBER
Classification number 294
Item number Mu 912 Fo
100 ## - MAIN ENTRY--PERSONAL NAME
Personal name Bodhisattva, Asvaghosha .
245 #0 - TITLE STATEMENT
Title Fo-Sho-Hing Tsan-King: A life of Buddha Vol. XIX /
Statement of responsibility, etc. Asvaghosha Bodhisattva.
Medium Textual Documents
250 ## - EDITION STATEMENT
Edition statement 1st ed. /
260 ## - PUBLICATION, DISTRIBUTION, ETC.
Place of publication, distribution, etc. Delhi :
Name of publisher, distributor, etc. Low price publications ,
Date of publication, distribution, etc. 1883.
300 ## - PHYSICAL DESCRIPTION
Extent 380p. :
Other physical details ill ;
Dimensions 21cm .
653 ## - INDEX TERM--UNCONTROLLED
Uncontrolled term Religious-Literature
653 ## - INDEX TERM--UNCONTROLLED
Uncontrolled term Reference-Assamese
700 ## - ADDED ENTRY--PERSONAL NAME
Personal name Muller, F. Max .
942 ## - ADDED ENTRY ELEMENTS (KOHA)
Source of classification or shelving scheme Dewey Decimal Classification
Koha item type Books
Holdings
Withdrawn status Lost status Damaged status Not for loan Collection Home library Current library Date acquired Coded location qualifier Total checkouts Full call number Barcode Date last seen Copy number Price effective from Koha item type
          Dr. Suryya Kumar Bhuyan Library Dr. Suryya Kumar Bhuyan Library 01/02/2012 00000   294 Mu 912 Fo 4124/As367 13/01/2024 1 01/02/2012 Books

Designed and Maintained by Team SKBL
©1901-2026

Powered by Koha